Tiling and slating pitched roofs (Record no. 104153)

MARC details
000 -LEADER
fixed length control field 01068cam a2200253 4500
001 - CONTROL NUMBER
control field L129356
008 - FIXED-LENGTH DATA ELEMENTS--GENERAL INFORMATION
fixed length control field 050414n2005 000 0 eng u
020 ## - INTERNATIONAL STANDARD BOOK NUMBER
International Standard Book Number 1860817459
035 ## - SYSTEM CONTROL NUMBER
System control number (Sirsi) u129356
041 ## - LANGUAGE CODE
Language code of text/sound track or separate title eng
050 ## - LIBRARY OF CONGRESS CALL NUMBER
Classification number 695
-- 18
100 ## - MAIN ENTRY--PERSONAL NAME
Personal name Harrison, Harry
245 ## - TITLE STATEMENT
Title Tiling and slating pitched roofs
Remainder of title plain and profiled clay and concrete tiles
260 ## - PUBLICATION, DISTRIBUTION, ETC.
Place of publication, distribution, etc. Watford
Name of publisher, distributor, etc. BRE
Date of publication, distribution, etc. 2005
300 ## - PHYSICAL DESCRIPTION
Extent 8p.
Dimensions 30cm.
350 ## - PRICE (NR) (BK AM CF MU VM SE) [OBSOLETE]
Price 12
490 ## - SERIES STATEMENT
Series statement BRE Good Building Guide
Volume/sequential designation 64 Part 3
520 ## - SUMMARY, ETC.
Summary, etc. This three part guide deals with the upper surfaces of pitched tiled or slated roofing. Part one covers general principles applicable to all forms of tiling and slating, including weather resistance, underlays and thermal insulation. Parts two and three describe battening , nailing and product and material quality requirements for tiles and slates.
590 ## - LOCAL NOTE (RLIN)
Local note IKA150405
690 ## - LOCAL SUBJECT ADDED ENTRY--TOPICAL TERM (OCLC, RLIN)
Topical term or geographic name as entry element BUILT ENVIRONMENT-BUILDING MATERIALS
710 ## - ADDED ENTRY--CORPORATE NAME
Corporate name or jurisdiction name as entry element Building Research Establishment
710 ## - ADDED ENTRY--CORPORATE NAME
Corporate name or jurisdiction name as entry element United Kingdom
Subordinate unit Department of Trade and Industry
942 ## - ADDED ENTRY ELEMENTS (KOHA)
Suppress in OPAC 0
Holdings
Withdrawn status Lost status Source of classification or shelving scheme Damaged status Not for loan Home library Current library Shelving location Date acquired Total Checkouts Full call number Barcode Date last seen Date last checked out Copy number Price effective from Koha item type
    Dewey Decimal Classification     London London BRE publications 14/04/2005 1 ENQUIRY DESK 30069987 06/08/2019 27/03/2009 1 06/08/2019 Book